00525cam a22001572 4500001001100000005001700011008004100028020001200069040001500081050002100096245009800117260004800215300001600263650005900279700002900338000000257320151217151858.0070416s xx 000 0 eng d cKES 180 aKABUcKABU 0aP91.3b.C63 199012aA University course in academic communication skills (workbook) /cby Peter Bint ... [et al.] aNairobi :bNairobi University Press,c1990. axii, 106 p. 0aCommunicationxStudy and teaching (Higher)@00001598101 aBint, Peter.@0000159811